Catalog

Record Details

Catalog Search



Available copies

  • 1 of 1 copy available at LARL/NWRL Consortium.
  • 1 of 1 copy available at Lake Agassiz Regional Library. (Show preferred library)

Current holds

0 current holds with 1 total copy.

Show All Copies
Location Call Number / Copy Notes Barcode Shelving Location Status Due Date
Moorhead Public Library SF JEM (Text) 33500010803856 Main Available -

Record details

  • ISBN: 9780316187282 (pbk.)
  • ISBN: 0316187283 (pbk.)
  • Physical Description: 440 p. ; 21 cm.
  • Edition: 1st ed.
  • Publisher: New York : Orbit, 2012.
Subject: Magic > Fiction.
Dreams > Fiction.
Conspiracies > Fiction.
Genre: Fantasy fiction.
LDR 01171cam a2200349 a 4500
001141471
003LARL_NWRL_CONSORTIUM
00520120502104301.0
008110727s2012 nyu 000 f eng
010 . ‡a2011028110
020 . ‡a9780316187282 (pbk.)
020 . ‡a0316187283 (pbk.)
035 . ‡a(OCoLC)743298770
040 . ‡aDLC ‡beng ‡cDLC ‡dYDX ‡dBTCTA ‡dBDX ‡dYDXCP ‡dEINCP ‡dZAG
05000. ‡aPS3610.E46 ‡bK55 2012
08200. ‡a813/.6 ‡222
1001 . ‡aJemisin, N. K. ‡0(LARL_NWRL_CONSORTIUM)200154
24514. ‡aThe killing moon ‡n#1 / ‡cN.K. Jemisin.
250 . ‡a1st ed.
260 . ‡aNew York : ‡bOrbit, ‡c2012.
300 . ‡a440 p. ; ‡c21 cm.
4900 . ‡aDreamblood ; ‡vbk. 1
650 0. ‡aMagic ‡vFiction. ‡0(LARL_NWRL_CONSORTIUM)165984
650 0. ‡aDreams ‡vFiction. ‡0(LARL_NWRL_CONSORTIUM)164636
650 0. ‡aConspiracies ‡vFiction. ‡0(LARL_NWRL_CONSORTIUM)164235
655 7. ‡aFantasy fiction. ‡2gsafd
948 . ‡hNO HOLDINGS IN LAL - 164 OTHER HOLDINGS
994 . ‡aZ0 ‡bLAL
901 . ‡a141471 ‡bOCLC ‡c141471 ‡tbiblio

Additional Resources